LEADER 00950nam a2200241 i 4500 001 000000143130 003 CaOOAMICUS 005 20050922000000.0 008 050922s1966 it u000 u ita u 013 $a118488 040 $aSeMil$bita 240 10$aMorale.$0(OLS)http://semarc/title/428403 245 10$aMorale :$bfilosofia della condotta umana /$cRené Simon. 260 $aBrescia :$bPaideia,$c1966. 300 $a435 p. ;$c22 cm. 490 0 $aCorso di filosofia tomista ;$v7 500 $aContiene : Bibliografia generale. 650 4$aEtica - Filosofia.$0(OLS)http://semarc/subject/12172 830 0$aCorso di filosofia tomista ;$v7.$0(OLS)http://semarc/title/18951 850 $aSeMil 852 $aSeMil$W1$xVenegono$y1$m2R III 325$j96259$B96259$CSeMilBibl$Z2$F103287 $81 996 $6245$aMorale :$bfilosofia della condotta umana$9(OLS)http://semarc/title/209449 996 $6260$aBrescia :$bPaideia$9(OLS)http://semarc/publisher/29614 LEADER 00507nas a2200169 i 4500 001 000000193831 003 CaOOAMICUS 005 20101125000000.0 008 101125b1888 it uu u0 0ita r 013 $a172475 040 $aSeMil$bita 245 10$a[1888 :$b2]. 774 0 $t[Luglio-Dicembre].$w()273979 850 $aSeMil 852 $aSeMil$W1$xVenegono$y1$m111 2 3$j144405$B144405$CSeMilBibl$Z2$F156882 $82 961 $aRecupero: Scuola Cattolica 996 $6245$a[1888 :$b2]$9(OLS)http://semarc/title/279459